00788 a2200181 45000010006000000050017000060080041000230030015000640400040000790800068001192450058001870200018002452640043002633000024003065050251003300410008005811000017005893686920260407155640.0260407a1985 arg spa dAR-UNSa-BCEJYS aAR-UNSa-BCEJYSbspacAR-UNSa-BCEJYS a336.1xFinanzas Públicas. Finanzas del gobierno en general 10aLas finanzas públicas argentinaspperíodo 1950-80 a950-537-091-0 1aBuenos Aires :bEdiciones Macchic1985 axii, 222 p.c22 cm. a1. Introducción - 2. Gasto Público - 3. Técnica presupuestaria - 4. "Deficit Fiscal" - 5. Principios de tributación - 6. Sistema tributario - 7. Incentivos tributarios - 8. Relaciones fiscales intergubernamentales - 9. Empresas públicas aspa1 aMacon, Jorge